00620nam a2200205Ia 4500003000400000005001700004008004100021020002300062040000700085041000800092082001500100100002000115245004300135260004500178300000900223650002000232942001300252999001900265952013000284OSt20251010101948.0250729s2005 xx 000 0 und d a ‎978-8171698394 cAL aeng a420.7 DAVT aDavid A9222901 aTeaching english as a secondary school aNew DelhibCommonwealth Publishersc2005 a287p aEnglish9222902 2ddccBED c235660d235660 00104070aALbALd2025-07-29eSita Book Houseg150.00l0o420.7 DAVTpBED00979r2025-07-29 16:54:11v150.00w2025-07-29yBK